कुछ जीवन्त कुछ ज्वलन्तः (Record no. 15111)
[ view plain ]
| 000 -LEADER | |
|---|---|
| fixed length control field | 01532nam a22002897a 4500 |
| 005 - DATE AND TIME OF LATEST TRANSACTION | |
| control field | 20080826145814.0 |
| 008 - FIXED-LENGTH DATA ELEMENTS--GENERAL INFORMATION | |
| fixed length control field | 080826t xxu||||| |||| 00| 0 hin d |
| 010 ## - LIBRARY OF CONGRESS CONTROL NUMBER | |
| LC control number | HIN-84090 |
| 020 ## - INTERNATIONAL STANDARD BOOK NUMBER | |
| Terms of availability | 90.00 |
| 035 ## - SYSTEM CONTROL NUMBER | |
| System control number | HN-56436 |
| 037 ## - SOURCE OF ACQUISITION | |
| Stock number | DBAD / PUB |
| 040 ## - CATALOGING SOURCE | |
| Original cataloging agency | DPL |
| Language of cataloging | HN |
| 082 ## - DEWEY DECIMAL CLASSIFICATION NUMBER | |
| Classification number | 824 |
| 100 ## - MAIN ENTRY--PERSONAL NAME | |
| Personal name | कात्यायनी |
| 245 ## - TITLE STATEMENT | |
| Title | कुछ जीवन्त कुछ ज्वलन्तः |
| Statement of responsibility, etc | कात्यायनी |
| Remainder of title | साहित्य समाज संस्कृति के समकालीन परिदृश्य और ज्वलन्त प्रश्नों पर केन्द्रित कुछ निबन्ध |
| 246 ## - VARYING FORM OF TITLE | |
| Title proper/short title | Kuchha jiwanta Kuchh jwalanta |
| Remainder of title | by Katyayani |
| 260 ## - PUBLICATION, DISTRIBUTION, ETC. (IMPRINT) | |
| Place of publication, distribution, etc | लखनऊ |
| Name of publisher, distributor, etc | परिकल्पना प्रकाशन |
| Date of publication, distribution, etc | 2006 |
| 270 ## - ADDRESS | |
| Address | जनचेतना, डी- 68, निरालानगर |
| City | लखनऊ |
| Postal code | 226020 |
| 300 ## - PHYSICAL DESCRIPTION | |
| Extent | 263पृ |
| Dimensions | 22सेमी (अजिल्द) |
| 500 ## - GENERAL NOTE | |
| General note | समान ISBN 8187425210 शीर्षक ' गोदान ' |
| 650 ## - SUBJECT ADDED ENTRY--TOPICAL TERM | |
| Topical term or geographic name as entry element | हिन्दी निबंध |
| 650 ## - SUBJECT ADDED ENTRY--TOPICAL TERM | |
| Topical term or geographic name as entry element | Hindi essays |
| 650 ## - SUBJECT ADDED ENTRY--TOPICAL TERM | |
| Topical term or geographic name as entry element | हिन्दी साहित्य |
| Chronological subdivision | 21वीं सदी |
| Geographic subdivision | भारत |
| 650 ## - SUBJECT ADDED ENTRY--TOPICAL TERM | |
| Topical term or geographic name as entry element | Hindi lierature |
| Chronological subdivision | 21st century |
| Geographic subdivision | India |
| 942 ## - ADDED ENTRY ELEMENTS (KOHA) | |
| Source of classification or shelving scheme | Dewey Decimal Classification |
| Koha item type | Hindi Books |
| Call number suffix | कात्याय |
| Classification part | 824 |
| Withdrawn status | Lost status | Damaged status | Not for loan | Collection code | Home library | Current library | Date acquired | Source of acquisition | Cost, normal purchase price | Total Checkouts | Full call number | Barcode | Date last seen | Copy number | Cost, replacement price | Price effective from | Koha item type |
|---|---|---|---|---|---|---|---|---|---|---|---|---|---|---|---|---|---|
| Not For Loan | Non-fiction | D.B.Act.Division | D.B.Act.Division | 26/08/2008 | DBAD / PUB | 90.00 | 824 कात्याय | HN-56436 | 15/09/2008 | 1 | 90.00 | 15/09/2008 | Hindi Books |
